[Event "Baden-ch U1700"]
[Site "Walldorf"]
[Date "2017.07.29"]
[Round "5"]
[White "Fleckenstein, Wolfgang"]
[Black "Detter, Hans Peter"]
[Result "0-1"]
[WhiteElo "1777"]
[BlackElo "1598"]
[PlyCount "53"]
[EventDate "2017.07.26"]
[EventType "swiss"]
[EventRounds "7"]
[EventCountry "GER"]
[SourceTitle "EXT 2018"]
[Source "ChessBase"]
[SourceDate "2017.10.13"]
[SourceVersion "1"]
[SourceVersionDate "2017.10.13"]
[SourceQuality "1"]

1. e4 c5 2. d4 cxd4 3. c3 d3 4. Bxd3 Nc6 5. c4 d6 6. Nc3 Nf6 7. h3 e6 8. Nf3 Be7 9. 0-0 Nd7 10. Be3 Nde5 11. Nxe5 Nxe5 12. f4 Nxd3 13. Qxd3 0-0 14. Rad1 Bd7 15. e5 d5 16. cxd5 exd5 17. Nxd5 Bc6 18. Qb3 Bxd5 19. Rxd5 Qe8 20. Qxb7 Rb8 21. Qxa7 Rxb2 22. Rd7 Bh4 23. Bc5 Qe6 24. Bxf8 Qc6 25. Rf3 Qc2 26. Rg3 Bxg3 27. Qa8 0-1

[Event "Baden-ch U1700"]
[Site "Walldorf"]
[Date "2017.07.26"]
[Round "1"]
[White "Fleckenstein, Wolfgang"]
[Black "Fellinger, Norman"]
[Result "1-0"]
[WhiteElo "1777"]
[BlackElo "1563"]
[PlyCount "87"]
[EventDate "2017.07.26"]
[EventType "swiss"]
[EventRounds "7"]
[EventCountry "GER"]
[SourceTitle "EXT 2018"]
[Source "ChessBase"]
[SourceDate "2017.10.13"]
[SourceVersion "1"]
[SourceVersionDate "2017.10.13"]
[SourceQuality "1"]

1. e4 e6 2. d3 d5 3. Nd2 c5 4. Ngf3 Nf6 5. g3 Nc6 6. Bg2 g6 7. 0-0 Bg7 8. c3 Qb6 9. Re1 0-0 10. h3 d4 11. Nc4 Qc7 12. Bf4 Qe7 13. Bd6 Qd8 14. Bxf8 Kxf8 15. a4 Nd7 16. Qd2 e5 17. Nd6 Nf6 18. Nxc8 Rxc8 19. cxd4 Nxd4 20. Nxd4 Qxd4 21. Qc3 Bh6 22. Red1 b6 23. Qxd4 cxd4 24. b4 Ke8 25. b5 Nd7 26. a5 Rc3 27. axb6 axb6 28. Ra8+ Ke7 29. h4 Nc5 30. Ra7+ Kf6 31. Rc7 Na4 32. Rc6+ Ke7 33. Ra1 Rxc6 34. bxc6 b5 35. c7 Kd7 36. Bf3 Kxc7 37. Bd1 f5 38. exf5 gxf5 39. Bxa4 bxa4 40. Rxa4 Kb6 41. Rc4 Bg7 42. Kf1 e4 43. Ke2 Kb5 44. Rc7 1-0

[Event "Rhein Main op-A 17th"]
[Site "Bad Homburg"]
[Date "2014.06.19"]
[Round "2"]
[White "Fleckenstein, Wolfgang"]
[Black "Hahn, Florian"]
[Result "0-1"]
[WhiteElo "1873"]
[BlackElo "2098"]
[PlyCount "62"]
[EventDate "2014.06.18"]
[EventType "swiss"]
[EventRounds "7"]
[EventCountry "GER"]
[SourceTitle "CBM 161 Extra"]
[Source "ChessBase"]
[SourceDate "2014.08.29"]
[SourceVersion "1"]
[SourceVersionDate "2014.08.29"]
[SourceQuality "1"]

1. g3 d5 2. Bg2 c5 3. d3 g6 4. Nf3 Nf6 5. Nbd2 Bg7 6. 0-0 Nc6 7. c3 0-0 8. e4 e5 9. h3 h6 10. Re1 d4 11. cxd4 cxd4 12. Nc4 Ne8 13. Qb3 Rb8 14. a4 Be6 15. Bd2 Nd6 16. Rec1 Bxc4 17. dxc4 Nxe4 18. Be1 Nc5 19. Qa3 Ne6 20. Nd2 Kh7 21. Ne4 f5 22. Nc5 Nxc5 23. Qxc5 e4 24. Rd1 d3 25. Rab1 Bd4 26. Qd5 Qc7 27. Bd2 Rbd8 28. Bf4 Qb6 29. Qb5 Bxf2+ 30. Kf1 g5 31. Bd2 Bxg3 0-1

[Event "Rhein Main op-A 15th"]
[Site "Bad Homburg"]
[Date "2012.06.10"]
[Round "7"]
[White "Eg, Karlheinz"]
[Black "Fleckenstein, Wolfgang"]
[Result "1-0"]
[WhiteElo "2032"]
[BlackElo "1889"]
[PlyCount "41"]
[EventDate "2012.06.06"]
[EventType "swiss"]
[EventRounds "7"]
[EventCountry "GER"]
[SourceTitle "EXT 2013"]
[Source "ChessBase"]
[SourceDate "2012.11.22"]
[SourceVersion "1"]
[SourceVersionDate "2012.11.22"]
[SourceQuality "1"]

1. e4 d6 2. d4 g6 3. f4 Bg7 4. Nf3 e6 5. Nc3 a6 6. Bd3 Ne7 7. Be3 Nd7 8. 0-0 b6 9. f5 exf5 10. exf5 Nf6 11. fxg6 hxg6 12. Ng5 Bf5 13. Nce4 Ng4 14. Qe2 Nxe3 15. Qxe3 Nd5 16. Nf6+ Kf8 17. Nxd5 c6 18. Bxf5 gxf5 19. Rxf5 Qe8 20. Rxf7+ Kg8 21. Ne7+ 1-0

[Event "Rhein Main op-A 15th"]
[Site "Bad Homburg"]
[Date "2012.06.09"]
[Round "6"]
[White "Fleckenstein, Wolfgang"]
[Black "Faqiry, Ramat"]
[Result "1-0"]
[WhiteElo "1889"]
[BlackElo "1987"]
[PlyCount "75"]
[EventDate "2012.06.06"]
[EventType "swiss"]
[EventRounds "7"]
[EventCountry "GER"]
[SourceTitle "EXT 2013"]
[Source "ChessBase"]
[SourceDate "2012.11.22"]
[SourceVersion "1"]
[SourceVersionDate "2012.11.22"]
[SourceQuality "1"]

1. g3 Nf6 2. d3 d5 3. Bg2 c5 4. Nd2 e5 5. e3 Nc6 6. Ne2 Be6 7. b3 Qd7 8. h3 Bd6 9. Bb2 0-0-0 10. a3 Ne8 11. c3 f5 12. b4 g5 13. c4 d4 14. b5 Ne7 15. exd4 exd4 16. Qa4 Kb8 17. Nxd4 Rf8 18. Nc6+ bxc6 19. bxc6 Qc7 20. Bc3 Nc8 21. Rb1+ Nb6 22. Qb5 Bxg3 23. 0-0 Bh2+ 24. Kh1 Nd6 25. Qxc5 Ndc8 26. a4 Ka8 27. Qb5 Rxd3 28. Ba5 Rxd2 29. c5 Bc4 30. cxb6 Nxb6 31. Qc5 Bd6 32. Bxb6 Bxc5 33. Bxc7 Bxf1 34. Rxf1 f4 35. Bf3 Rxf2 36. Rxf2 Bxf2 37. Bd6 g4 38. hxg4 1-0

[Event "Rhein Main op-A 15th"]
[Site "Bad Homburg"]
[Date "2012.06.07"]
[Round "2"]
[White "Fleckenstein, Wolfgang"]
[Black "Weil, Michael"]
[Result "1/2-1/2"]
[WhiteElo "1889"]
[BlackElo "2085"]
[PlyCount "86"]
[EventDate "2012.06.06"]
[EventType "swiss"]
[EventRounds "7"]
[EventCountry "GER"]
[SourceTitle "EXT 2013"]
[Source "ChessBase"]
[SourceDate "2012.11.22"]
[SourceVersion "1"]
[SourceVersionDate "2012.11.22"]
[SourceQuality "1"]

1. g3 d5 2. d3 c6 3. Bg2 Nf6 4. a3 e5 5. b3 Bc5 6. e3 Bg4 7. Ne2 0-0 8. Nd2 Qd7 9. h3 Bf5 10. Bb2 Bd6 11. g4 Be6 12. Ng3 h6 13. Nf3 Qc7 14. e4 dxe4 15. dxe4 Rd8 16. Qe2 c5 17. Nf5 Bxf5 18. exf5 Nc6 19. c3 e4 20. Nd2 e3 21. fxe3 Bg3+ 22. Kf1 Re8 23. Bxc6 Qxc6 24. Qg2 Qxg2+ 25. Kxg2 Rxe3 26. Nc4 Re2+ 27. Kxg3 b5 28. Rae1 Rxe1 29. Rxe1 bxc4 30. bxc4 Rb8 31. Re2 Kf8 32. Kf3 Nd7 33. Bc1 Rb3 34. Re3 Nb6 35. Rd3 Nxc4 36. Ke4 Nb6 37. c4 Rb1 38. Be3 Re1 39. Kf3 Nxc4 40. Bxc5+ Ke8 41. Kf2 Ra1 42. Bxa7 Ra2+ 43. Kg3 Rxa3 1/2-1/2

[Event "Baden-ch HT2"]
[Site "Hockenheim"]
[Date "1994.??.??"]
[Round "7"]
[White "Baust, Guenter"]
[Black "Fleckenstein, Wolfgang"]
[Result "1/2-1/2"]
[WhiteElo "1665"]
[BlackElo "1785"]
[PlyCount "94"]
[EventDate "1994.??.??"]
[EventType "swiss"]
[EventRounds "11"]
[EventCountry "GER"]
[SourceTitle "EXT 2003"]
[Source "ChessBase"]
[SourceDate "2002.11.25"]
[SourceVersion "1"]
[SourceVersionDate "2002.11.25"]
[SourceQuality "1"]

1. e4 e5 2. Nf3 f5 3. exf5 e4 4. Qe2 Qe7 5. Nd4 Qe5 6. c3 Nc6 7. Nxc6 dxc6 8. g4 h5 9. d4 Qe7 10. h4 hxg4 11. Qxg4 Nf6 12. Qg6+ Qf7 13. Be2 Qxg6 14. fxg6 Bf5 15. Be3 Bxg6 16. Nd2 0-0-0 17. 0-0-0 Bf7 18. Bg5 Re8 19. b3 Ba3+ 20. Kb1 Nd5 21. Kc2 Bg6 22. Be3 Bd6 23. Rdg1 Bh7 24. Rxg7 Nf4 25. Bg4+ Kb8 26. Nc4 Nd5 27. Be2 Ref8 28. Kd2 Bf5 29. Nxd6 cxd6 30. h5 Nxe3 31. Kxe3 d5 32. Rhg1 Bc8 33. R1g5 a6 34. Rg3 Ka7 35. Rg2 Be6 36. Re7 Rh6 37. Rgg7 Bc8 38. Rh7 Rhf6 39. Rhg7 Rxf2 40. h6 Rh2 41. h7 Rff2 42. Bh5 Rd2 43. h8Q Rd3+ 44. Kf4 Rf2+ 45. Kg5 Rf5+ 46. Kh4 Rh3+ 47. Kxh3 Rxh5+ 1/2-1/2

[Event "Baden-ch HT2"]
[Site "Hockenheim"]
[Date "1994.??.??"]
[Round "10"]
[White "Fleckenstein, Wolfgang"]
[Black "Hansult, Manfred"]
[Result "0-1"]
[WhiteElo "1785"]
[BlackElo "1810"]
[PlyCount "51"]
[EventDate "1994.??.??"]
[EventType "swiss"]
[EventRounds "11"]
[EventCountry "GER"]
[SourceTitle "EXT 2003"]
[Source "ChessBase"]
[SourceDate "2002.11.25"]
[SourceVersion "1"]
[SourceVersionDate "2002.11.25"]
[SourceQuality "1"]

1. a3 d5 2. d4 Nf6 3. e3 Bf5 4. Bb5+ Nbd7 5. f4 c6 6. Bd3 Be4 7. Nf3 e6 8. 0-0 c5 9. Nc3 cxd4 10. Nxd4 Bc5 11. Bxe4 Nxe4 12. Nxe4 dxe4 13. Bd2 0-0 14. Kh1 Qb6 15. Bc3 Nf6 16. b4 Be7 17. Bb2 Nd5 18. Qe2 Bf6 19. c4 Ne7 20. Rad1 Qa6 21. g4 Rac8 22. Rc1 Rfd8 23. g5 Bxd4 24. exd4 Nf5 25. Rfd1 e3 26. a4 0-1

[Event "Baden-ch HT2"]
[Site "Hockenheim"]
[Date "1994.??.??"]
[Round "9"]
[White "Haller, Manfred"]
[Black "Fleckenstein, Wolfgang"]
[Result "1/2-1/2"]
[WhiteElo "1745"]
[BlackElo "1785"]
[PlyCount "52"]
[EventDate "1994.??.??"]
[EventType "swiss"]
[EventRounds "11"]
[EventCountry "GER"]
[SourceTitle "EXT 2003"]
[Source "ChessBase"]
[SourceDate "2002.11.25"]
[SourceVersion "1"]
[SourceVersionDate "2002.11.25"]
[SourceQuality "1"]

1. Nf3 d5 2. d4 e6 3. c4 c6 4. Nc3 f5 5. Bf4 Bd6 6. Bxd6 Qxd6 7. e3 Nd7 8. Bd3 Ngf6 9. cxd5 Nxd5 10. Nxd5 cxd5 11. Rc1 0-0 12. Qc2 e5 13. dxe5 Nxe5 14. Nxe5 Qxe5 15. Qc3 Qe7 16. 0-0 b6 17. Qc7 Qg5 18. Bb5 Be6 19. Bc6 Rad8 20. Rcd1 f4 21. exf4 Rxf4 22. Rfe1 Rf7 23. Qe5 Qxe5 24. Rxe5 Rf6 25. Kf1 d4 26. Bb5 a5 1/2-1/2